[Event "SWE-chT Group 4 Qualifier"]
[Site "Lund"]
[Date "2021.10.02"]
[Round "2.7"]
[White "Bergre, Joachim"]
[Black "Hogeman, Joel"]
[Result "1-0"]
[WhiteElo "1920"]
[BlackElo "2204"]
[PlyCount "88"]
[EventDate "2021.10.01"]
[EventType "team-tourn"]
[EventRounds "3"]
[EventCountry "SWE"]
[SourceTitle "CBM 204 Extra"]
[Source "ChessBase"]
[SourceDate "2021.11.30"]
[SourceVersion "1"]
[SourceVersionDate "2021.11.30"]
[SourceQuality "1"]
[WhiteTeam "Pelaro Alingaas"]
[BlackTeam "Limhamn"]
[WhiteTeamCountry "SWE"]
[BlackTeamCountry "SWE"]

1. Nf3 f5 2. c4 Nf6 3. Nc3 d6 4. d4 g6 5. g3 Bg7 6. Bg2 0-0 7. 0-0 Qe8 8. d5 Na6 9. Nd2 g5 10. e3 Bd7 11. f4 h6 12. Rb1 c6 13. Nf3 g4 14. Nd4 Nc7 15. Qd3 Nh7 16. Re1 c5 17. Nc2 Nf6 18. b3 b5 19. cxb5 Ne4 20. Nxe4 fxe4 21. Bxe4 Bxb5 22. Qd2 e6 23. Bb2 Rd8 24. Bxg7 exd5 25. Bxd5+ Nxd5 26. Bxf8 Bc6 27. e4 Nf6 28. Bxh6 Nxe4 29. Qd3 Qh5 30. Rxe4 Qxh6 31. Rbe1 Qh3 32. R4e2 Kh8 33. Qc3+ Kg8 34. Qf6 Rf8 35. Qg5+ Kh8 36. Qh4+ Qxh4 37. gxh4 d5 38. Re6 Rc8 39. R1e5 d4 40. Kf2 d3 41. Ne3 Bf3 42. Re8+ Rxe8 43. Rxe8+ Kg7 44. Re7+ Kf6 1-0

[Event "Lidkoping op"]
[Site "Lidkoping"]
[Date "2019.08.25"]
[Round "7"]
[White "Bergre, Joachim"]
[Black "Andersen, Dag"]
[Result "1/2-1/2"]
[WhiteElo "1928"]
[BlackElo "1873"]
[PlyCount "53"]
[EventDate "2019.08.24"]
[EventType "swiss"]
[EventRounds "7"]
[EventCountry "SWE"]
[SourceTitle "EXT 2020"]
[Source "ChessBase"]
[SourceDate "2019.10.17"]
[SourceVersion "1"]
[SourceVersionDate "2019.10.17"]
[SourceQuality "1"]

1. Nf3 d5 2. d4 Nf6 3. g3 e6 4. Bg2 Be7 5. 0-0 0-0 6. c4 b6 7. b3 Bb7 8. Bb2 Nbd7 9. Nbd2 c5 10. Rc1 Rc8 11. Re1 Re8 12. e3 Bf8 13. Ne5 cxd4 14. exd4 Nxe5 15. dxe5 Nd7 16. cxd5 Rxc1 17. Qxc1 Bxd5 18. Nc4 Bxg2 19. Kxg2 Qa8+ 20. f3 Rc8 21. Qd2 Nc5 22. Rd1 h6 23. Qd4 Rc7 24. Qd8 Rc8 25. Qd4 Rc7 26. Qd8 Rc8 27. Qd4 1/2-1/2

[Event "Malopolska Region-chB"]
[Site "Krakow"]
[Date "2019.06.22"]
[Round "5"]
[White "Bergre, Joachim"]
[Black "Jozefczyk, Szymon"]
[Result "1/2-1/2"]
[WhiteElo "1956"]
[BlackElo "1714"]
[PlyCount "55"]
[EventDate "2019.06.20"]
[EventType "swiss"]
[EventRounds "7"]
[EventCountry "POL"]
[SourceTitle "EXT 2020"]
[Source "ChessBase"]
[SourceDate "2019.10.17"]
[SourceVersion "1"]
[SourceVersionDate "2019.10.17"]
[SourceQuality "1"]

1. Nf3 c5 2. c4 Nf6 3. g3 g6 4. Bg2 Bg7 5. Nc3 Nc6 6. d4 cxd4 7. Nxd4 0-0 8. 0-0 a6 9. b3 Nxd4 10. Qxd4 d6 11. Bb2 Nd7 12. Qd2 Rb8 13. Rfd1 b6 14. Rac1 Bb7 15. e4 Rc8 16. Nd5 Bxb2 17. Qxb2 Bxd5 18. Rxd5 Rc5 19. b4 Rxd5 20. cxd5 Qb8 21. Bh3 Ne5 22. Qc3 b5 23. Bf1 Nc4 24. Bxc4 Rc8 25. Qd4 Qc7 26. Rc3 a5 27. a3 axb4 28. axb4 1/2-1/2

[Event "SWE-chT 1819 Superettan"]
[Site "Sweden"]
[Date "2019.01.11"]
[Round "6"]
[White "Bergre, Joachim"]
[Black "Rasti, Arvin"]
[Result "1/2-1/2"]
[WhiteElo "1944"]
[BlackElo "1863"]
[PlyCount "117"]
[EventDate "2018.11.09"]
[EventType "team-tourn"]
[EventRounds "9"]
[EventCountry "SWE"]
[SourceTitle "EXT 2020"]
[Source "ChessBase"]
[SourceDate "2019.10.17"]
[SourceVersion "1"]
[SourceVersionDate "2019.10.17"]
[SourceQuality "1"]
[WhiteTeam "Alingsas"]
[BlackTeam "Manhem"]
[WhiteTeamCountry "SWE"]
[BlackTeamCountry "SWE"]

1. Nf3 Nf6 2. c4 e6 3. g3 d5 4. Bg2 Be7 5. 0-0 0-0 6. d4 dxc4 7. Qc2 a6 8. Qxc4 b5 9. Qc2 Bb7 10. Nc3 Nbd7 11. Bg5 h6 12. Bf4 Rc8 13. Ne5 Bxg2 14. Kxg2 Nxe5 15. Bxe5 c5 16. Rad1 Qb6 17. f3 Rfd8 18. e3 cxd4 19. Bxd4 Rxd4 20. exd4 b4 21. Qb3 Qc6 22. Ne2 Qc2 23. Rf2 Qf5 24. Rc1 Rd8 25. Qc2 Qg5 26. h4 Qb5 27. Qc4 Qa4 28. Nf4 g5 29. hxg5 hxg5 30. Nd3 Nd5 31. Re2 Nb6 32. Qc6 Rxd4 33. Qxb6 Rxd3 34. Qb7 Bd6 35. Qe4 Qb5 36. Rec2 Rd5 37. Rh1 Kf8 38. Rhc1 Kg7 39. Rh1 Kf8 40. Rhc1 Kg7 41. Qe2 Rd3 42. Qe4 Rd5 43. b3 g4 44. Rf1 gxf3+ 45. Rxf3 Rg5 46. Rd2 Qb8 47. Rdd3 Qc7 48. Qd4+ Be5 49. Qd7 Qxd7 50. Rxd7 Bf6 51. Re3 Kg6 52. Re4 a5 53. Rc4 Be5 54. Rd3 Bc3 55. Rc6 Re5 56. Kf2 Rf5+ 57. Ke2 Re5+ 58. Re3 Rd5 59. Rd3 1/2-1/2

[Event "Deltalift op"]
[Site "Tylosand"]
[Date "2018.05.12"]
[Round "7"]
[White "Brzezinski, Adam"]
[Black "Bergre, Joachim"]
[Result "1-0"]
[WhiteElo "2152"]
[BlackElo "1990"]
[PlyCount "67"]
[EventDate "2018.05.10"]
[EventType "swiss"]
[EventRounds "8"]
[EventCountry "SWE"]
[SourceTitle "CBM 184 Extra"]
[Source "ChessBase"]
[SourceDate "2018.06.28"]
[SourceVersion "1"]
[SourceVersionDate "2018.06.28"]
[SourceQuality "1"]

1. d4 Nf6 2. c4 c5 3. d5 b5 4. cxb5 a6 5. bxa6 g6 6. Nc3 Bxa6 7. e4 Bxf1 8. Kxf1 d6 9. Nf3 Nbd7 10. g3 Bg7 11. Kg2 0-0 12. a4 Ng4 13. Nd2 Nge5 14. Qe2 Nb6 15. a5 c4 16. Ra3 Nbd7 17. f4 Nd3 18. Nxc4 N7c5 19. Be3 Nb4 20. Na2 Nxa2 21. Rxa2 f5 22. exf5 gxf5 23. Bxc5 dxc5 24. Qe6+ Kh8 25. Ne5 Ra6 26. Nc6 Qa8 27. Rc1 Rf6 28. Qe2 e6 29. Rxc5 exd5 30. Ne5 Rf8 31. b4 Re6 32. Nf7+ Rxf7 33. Qxe6 d4+ 34. Qd5 1-0

[Event "Deltalift op"]
[Site "Tylosand"]
[Date "2018.05.10"]
[Round "4"]
[White "Sorensen, Hampus"]
[Black "Bergre, Joachim"]
[Result "1-0"]
[WhiteElo "2176"]
[BlackElo "1990"]
[PlyCount "69"]
[EventDate "2018.05.10"]
[EventType "swiss"]
[EventRounds "8"]
[EventCountry "SWE"]
[SourceTitle "CBM 184 Extra"]
[Source "ChessBase"]
[SourceDate "2018.06.28"]
[SourceVersion "1"]
[SourceVersionDate "2018.06.28"]
[SourceQuality "1"]

1. d4 Nf6 2. c4 c5 3. d5 b5 4. Qc2 bxc4 5. e4 d6 6. Bxc4 g6 7. Nf3 Bg7 8. h3 0-0 9. 0-0 Ba6 10. Na3 Nfd7 11. Qe2 Bxc4 12. Nxc4 Nb6 13. Rb1 Nxc4 14. Qxc4 Nd7 15. Bd2 Nb6 16. Qe2 Qd7 17. b3 Rac8 18. Rbc1 Qb7 19. Bc3 Bxc3 20. Rxc3 Nd7 21. Rd1 f6 22. Nd2 Rc7 23. Nc4 Ne5 24. f4 Nxc4 25. Rxc4 Qb5 26. e5 fxe5 27. fxe5 Qd7 28. Re4 Rf5 29. exd6 Qxd6 30. Re6 Qd7 31. d6 exd6 32. Rdxd6 Qf7 33. Rd8+ Kg7 34. Rde8 Kh6 35. Qe3+ 1-0

[Event "Malmo op"]
[Site "Malmo"]
[Date "2016.12.16"]
[Round "1"]
[White "Bergre, Joachim"]
[Black "Golubka, Petr"]
[Result "0-1"]
[WhiteElo "2085"]
[BlackElo "2407"]
[PlyCount "60"]
[EventDate "2016.12.16"]
[EventType "swiss"]
[EventRounds "7"]
[EventCountry "SWE"]
[SourceTitle "CBM 176 Extra"]
[Source "ChessBase"]
[SourceDate "2017.03.02"]
[SourceVersion "1"]
[SourceVersionDate "2017.03.02"]
[SourceQuality "1"]

1. c4 e6 2. g3 f5 3. Bg2 Nf6 4. Nc3 Be7 5. Nf3 0-0 6. 0-0 d6 7. Rb1 Nc6 8. d3 Qe8 9. b4 Qh5 10. b5 Nd8 11. a4 a6 12. Bd2 e5 13. Nd5 Nxd5 14. cxd5 Bd7 15. Qb3 Nf7 16. Rfc1 Rfc8 17. Rc2 axb5 18. axb5 b6 19. Ra2 Rxa2 20. Qxa2 g5 21. Qc4 g4 22. Ne1 Bg5 23. e3 Bf6 24. f4 gxf3 25. Nxf3 e4 26. dxe4 fxe4 27. Nd4 Ng5 28. Rf1 Nh3+ 29. Bxh3 Bxh3 30. Rc1 Bxd4 0-1

[Event "SWE-chT2 0910"]
[Site "Sweden"]
[Date "2009.10.25"]
[Round "2"]
[White "Bernhardsson, Sten Hilding G"]
[Black "Bergre, Joachim"]
[Result "0-1"]
[WhiteElo "2101"]
[BlackElo "2130"]
[PlyCount "120"]
[EventDate "2009.10.24"]
[EventType "team"]
[EventRounds "9"]
[EventCountry "SWE"]
[SourceTitle "EXT 2011"]
[Source "ChessBase"]
[SourceDate "2010.11.26"]
[SourceVersion "1"]
[SourceVersionDate "2010.11.26"]
[SourceQuality "1"]
[WhiteTeam "Rodeby"]
[BlackTeam "Manhem II"]
[WhiteTeamCountry "SWE"]
[BlackTeamCountry "SWE"]

1. d4 g6 2. e4 Bg7 3. Nf3 d6 4. Bc4 Nc6 5. 0-0 Nf6 6. Qe2 Bg4 7. c3 e5 8. d5 Ne7 9. Nbd2 0-0 10. h3 Bc8 11. Bb3 h6 12. Nc4 Nd7 13. Nh2 f5 14. f4 exf4 15. Bxf4 fxe4 16. Qxe4 Nc5 17. Qe2 Nxb3 18. axb3 Nxd5 19. Bg3 Nf6 20. Nf3 Bd7 21. Nh4 Nh5 22. Rxf8+ Bxf8 23. Bf2 Nf4 24. Qe4 g5 25. Ne3 Bc6 26. Qf5 Qd7 27. Qxd7 Bxd7 28. Nf3 a6 29. Nd4 Re8 30. Rd1 Kf7 31. Kf1 Kg6 32. Nc4 Bg7 33. Na5 Bc8 34. Nc4 Ne6 35. Re1 Bd7 36. Rd1 Nc5 37. Kg1 Ne4 38. Nf3 Nxf2 39. Kxf2 Bb5 40. Nd4 Bd7 41. Nf3 Bf6 42. Ne3 h5 43. Nd5 Bd8 44. Ne3 Be6 45. Nc4 Bf5 46. Nd4 Bc8 47. Rd2 g4 48. hxg4 hxg4 49. Ne2 Bh4+ 50. g3 Bg5 51. Nf4+ Bxf4 52. gxf4 Rh8 53. Rd5 Rh2+ 54. Kg3 Rh3+ 55. Kg2 b6 56. Rd4 Bb7+ 57. Kf1 g3 58. f5+ Kf6 59. Rg4 Bf3 60. Rg8 Rh1# 0-1

[Event "SWE-chT2 0708"]
[Site "Sweden"]
[Date "2008.02.02"]
[Round "6"]
[White "Bergre, Joachim"]
[Black "Frisk Kockum, Anton"]
[Result "1/2-1/2"]
[WhiteElo "2128"]
[BlackElo "2337"]
[PlyCount "93"]
[EventDate "2007.10.20"]
[EventType "team"]
[EventRounds "9"]
[EventCountry "SWE"]
[SourceTitle "EXT 2009"]
[Source "ChessBase"]
[SourceDate "2008.11.26"]
[SourceVersion "1"]
[SourceVersionDate "2008.11.26"]
[SourceQuality "1"]
[WhiteTeam "Manhem II"]
[BlackTeam "Orgryte"]
[WhiteTeamCountry "SWE"]
[BlackTeamCountry "SWE"]

1. e4 e6 2. d4 d5 3. e5 c5 4. c3 Nc6 5. Nf3 Bd7 6. a3 c4 7. Nbd2 Na5 8. Be2 Ne7 9. 0-0 Nf5 10. Rb1 Be7 11. Re1 Rc8 12. g4 Nh4 13. Nxh4 Bxh4 14. Nf3 Be7 15. Bf4 Nb3 16. Nd2 Ba4 17. Nxb3 Bxb3 18. Qd2 a5 19. Bg3 b5 20. f4 Kd7 21. Kg2 Rb8 22. Rf1 b4 23. axb4 axb4 24. f5 Rf8 25. Ra1 Ra8 26. Qf4 Rxa1 27. Rxa1 Qb8 28. Qf2 Bc2 29. Bf3 Bd3 30. Bxd5 Qb6 31. Bf3 exf5 32. gxf5 Bxf5 33. Qd2 Rd8 34. Qd1 Ke8 35. Qa4+ Kf8 36. Qa6 Qxa6 37. Rxa6 g5 38. Kf2 bxc3 39. bxc3 Rb8 40. Ra8 Rxa8 41. Bxa8 h5 42. Ke2 Bd3+ 43. Kd2 h4 44. Bf2 f6 45. exf6 Bxf6 46. Bf3 Ke7 47. Bg4 1/2-1/2

[Event "SWE-chT2 0708"]
[Site "Sweden"]
[Date "2008.01.13"]
[Round "5"]
[White "Krantz, Christopher"]
[Black "Bergre, Joachim"]
[Result "1-0"]
[WhiteElo "2156"]
[BlackElo "2128"]
[PlyCount "87"]
[EventDate "2007.10.20"]
[EventType "team"]
[EventRounds "9"]
[EventCountry "SWE"]
[SourceTitle "EXT 2009"]
[Source "ChessBase"]
[SourceDate "2008.11.26"]
[SourceVersion "1"]
[SourceVersionDate "2008.11.26"]
[SourceQuality "1"]
[WhiteTeam "Eksjo"]
[BlackTeam "Manhem II"]
[WhiteTeamCountry "SWE"]
[BlackTeamCountry "SWE"]

1. e4 d6 2. d4 g6 3. Nc3 Bg7 4. Be3 a6 5. Qd2 b5 6. a4 b4 7. Nce2 a5 8. Ng3 Ba6 9. Bxa6 Nxa6 10. Nf3 Qc8 11. 0-0 Nf6 12. Bh6 0-0 13. Bxg7 Kxg7 14. Rfe1 e6 15. h4 h6 16. h5 Nh7 17. Nh2 e5 18. dxe5 dxe5 19. Qd5 Re8 20. hxg6 fxg6 21. Nf3 Nf6 22. Qxa5 c5 23. Rad1 Qc6 24. Qb5 Qxb5 25. axb5 Nc7 26. b6 Nb5 27. Ra1 Rab8 28. Ra6 Re6 29. Rea1 Ng4 30. Rd1 Nd4 31. c3 bxc3 32. bxc3 Nb5 33. c4 Nd4 34. Rb1 Nc2 35. Rb5 Nb4 36. Ra7+ Kf6 37. b7 Re7 38. Nf1 Kf7 39. N1d2 Nc6 40. Ra6 Nb4 41. Rab6 Nd3 42. Nb3 Rd7 43. g3 Ndxf2 44. Nxc5 1-0

[Event "Budapest FS04 Elo"]
[Site "Budapest"]
[Date "1999.04.08"]
[Round "6"]
[White "Dekany, Lajos"]
[Black "Bergre, Joachim"]
[Result "1/2-1/2"]
[WhiteElo "2187"]
[BlackElo "2120"]
[PlyCount "69"]
[EventDate "1999.04.??"]
[EventType "tourn"]
[EventRounds "11"]
[EventCountry "HUN"]
[SourceTitle "CBM 070 Extra"]
[Source "ChessBase"]
[SourceDate "1999.07.10"]
[SourceVersion "1"]
[SourceVersionDate "1999.07.10"]
[SourceQuality "1"]

1. d4 g6 2. c4 Bg7 3. Nc3 d6 4. e4 Nd7 5. Be3 e5 6. d5 Ne7 7. Bd3 0-0 8. f3 f5 9. Nge2 Nf6 10. Qd2 a6 11. h3 f4 12. Bf2 Nh5 13. 0-0-0 Bd7 14. Bc2 Nc8 15. c5 Kh8 16. Kb1 Bf6 17. Nc1 Bh4 18. Nd3 Bxf2 19. Qxf2 Re8 20. Rc1 Na7 21. Rhd1 Ng3 22. Bb3 Nb5 23. Nxb5 Bxb5 24. Bc4 Bd7 25. c6 bxc6 26. dxc6 Bxc6 27. Nxf4 Nxe4 28. fxe4 exf4 29. Qd4+ Re5 30. Bd3 Bb7 31. Rc5 Qe7 32. Rc4 c5 33. Qc3 Re8 34. Ra4 Qg7 35. a3 1/2-1/2